| 000 | 01076nam a2200217 a 4500 | ||
|---|---|---|---|
| 999 |
_c1520 _d1520 |
||
| 003 | AR-BaISA | ||
| 005 | 20231124193534.0 | ||
| 006 | aado|fr|||| 000 0 | ||
| 007 | ta | ||
| 008 | 231124s2014 ag ado|f |||| 000 0 spa d | ||
| 040 |
_bspa _cAR-BaISA |
||
| 082 | 0 | 4 |
_222 _a610.69 P449 |
| 100 |
_93227 _aPetrone, Patrizio _eaut. |
||
| 245 | 1 | 0 |
_aAvances y retrocesos de la feminización en los equipos de salud / _cPatrizio Petrone |
| 260 |
_aBuenos Aires: _bDunken, _c2014 |
||
| 300 |
_a98 p.: _bil., graf. fotos. |
||
| 504 | _aBibliografía p.: [93]-98 | ||
| 505 |
_tPERSPECTICA HISTÓRICA: _tLas mujeres en la medicina durante la belle époque -- _tLa mujeres profesionales de la salud pública en la sociedad industrial -- _tPresentación de la situación actual -- _tLa enfermería en Argentina -- _tEl campo de los recursos humanos -- _tLas organizaciones de salud y el trabajo institucionalizado -- _tLa atención y las relaciones interpersonales -- _tLas mujeres en la facultad de medicina |
||
| 650 | 1 | 4 |
_9622 _aPersonal de salud _vequidad de género |
| 942 |
_2ddc _cLI _e22 |
||